Otevření duchovního oka /

Hlavní autor: Staněk, Josef, 1940-
Další autoři: Brzobohatá, Jana, 1944-
Jazyk: Čeština
Vydáno: Brno : Agape, 1995
Témata:
Externí odkaz: Digitalizovaný dokument
Fyzický popis: 102 s. : obr. ; 21 cm
Knihy
Uloženo v:
LEADER 01717nam a2200445 a 4500
001 000029584
003 CZ BrMZK
005 20240709064704.0
007 ta
008 950313s1995 xr e f 0 cze d
015 |a cnb000104614 
020 |a 80-900062-4-8 
040 |a BOA001  |b cze 
072 7 |a 13  |x Filozofie ducha  |2 Konspekt  |9 5 
080 |a 17.02  |2 MRF 
080 |a 130.33-025.18  |2 MRF 
080 |a 165.322  |2 MRF 
080 |a 0/9-021.361  |2 MRF 
080 |a (049)  |2 MRF 
080 |a (035)  |2 MRF 
100 1 |a Staněk, Josef,  |d 1940-  |7 mzk2004234127  |4 aut 
245 1 0 |a Otevření duchovního oka /  |c Josef Staněk, Jana Brzobohatá. 
260 |a Brno :  |b Agape,  |c 1995 
300 |a 102 s. :  |b obr. ;  |c 21 cm 
500 |a Dostupné též v digitální podobě v aplikaci Kramerius 
650 0 7 |a životní harmonie  |7 ph138147  |2 czenas 
650 0 7 |a vesmírná harmonie  |7 ph328390  |2 czenas 
650 0 7 |a duchovní poznání  |7 ph119632  |2 czenas 
650 0 7 |a holismus  |7 ph120783  |2 czenas 
655 7 |a pojednání  |7 fd133056  |2 czenas 
655 7 |a příručky  |7 fd133209  |2 czenas 
700 1 |a Brzobohatá, Jana,  |d 1944-  |7 mzk2003171607  |4 aut 
856 4 1 |u http://www.digitalniknihovna.cz/mzk/uuid/uuid:4c7ea450-3df3-11ef-9b78-005056827e51  |y Digitalizovaný dokument  |x NDK 
910 |a BOA001  |b 2-1010.111  |b PK-0129.246 
920 |a 000281725 
990 |a BK 
991 |b 202405 
996 7 |b 2610022745  |c 2-1010.111  |l MZK  |r Sklad / do 1 hodiny  |n 25  |p kup  |w 000029584  |u 000010  |a 1  |e BOA001  |j MZK50  |s A 
996 6 |b 2610037341  |c 2-1010.111  |l MZK  |r Sklad / do 1 hodiny  |n 9  |p p.v.  |w 000029584  |u 000020  |a 1  |e BOA001  |j MZK50  |s P 
996 7 |b 3119010953  |c PK-0129.246  |l MZK  |r Sklad / do 1 hodiny  |n 24  |p kup  |w 000029584  |u 000030  |a 1  |e BOA001  |j MZK50  |s A